000 01341cam a22003617a 4500
003 CHAP
005 20220817042409.0
008 971013s1979 r 00010 d
010 _a43443
011 _a44415
035 _a48553
040 _cCHAP
082 _a630.9724
_bM48
110 2 _aMéxico. Subdirección de Agrología
245 0 _aAspectos físicos y agropecuarios del estado de Tlaxcala
260 _aMéxico, D.F. :
_bSubdirección de Agrología,
_c1979.
300 _a179 p.
_b: ilus. ; gráfs. + 4 mapas
590 _aBATCH-UPD
_b10
_c20130109
_lUCH01
_h2307
590 _aBATCH-UPD
_b10
_c20130110
_lUCH01
_h1036
590 _aBATCH-UPD
_b10
_c20130409
_lUCH01
_h1824
590 _aBATCH-UPD
_b10
_c20130410
_lUCH01
_h0637
590 _aBATCH-UPD
_b10
_c20130914
_lUCH01
_h0000
590 _aCONVERSION
_b10
_c20130109
_lUCH01
_h1324
650 1 4 _aAgricultura
_zTlaxcala.
_91939
650 1 4 _aSuelos
_zTlaxcala.
_9110529
650 1 4 _aTlaxcala
_xCondiciones económicas.
_9113468
700 0 2 _aRodríguez Gómez, Rubén.
_998562
901 _aBK
942 _cLIBRO
949 _a630.9724 M48
_bBC
_cLIBRO
_d33724000049599
_eLIBRO
_h39184
_i48553
_mD
_si
949 _a630.9724 M48
_bBC
_cLIBRO
_d33724000049607
_eLIBRO
_fc.2
_h49174
_i48553
_mD
_si
949 _a630.9724 M48
_bBC
_cLIBRO
_d33724000689063
_eLIBRO
_fc.3
_h92887
_i48553
_kDonaciØn
_si
999 _c43443
_d43443